| 000 | 00541nam a22001937a 4500 | ||
|---|---|---|---|
| 003 | KOHA_MİRAKIL | ||
| 005 | 20251006120136.0 | ||
| 008 | 251006b tu ||||| |||| 00| 0 tur d | ||
| 020 | _a9789753632134 | ||
| 040 |
_aTR-AnABB _btur _cTR-AnABB |
||
| 041 | _atur | ||
| 082 |
_a152.4101 _bORT 2011 |
||
| 100 | 1 | _aOrtega Y. Gasset, José, | |
| 245 | 1 | 0 |
_aSevgi üstüne / _cJosé Ortega Y. Gasset |
| 260 |
_aİstanbul : _bYapı Kredi Yayınları, _c2011 |
||
| 300 |
_a135 sayfa ; _c21 cm |
||
| 650 | 0 | 4 | _aPsikoloji |
| 942 |
_2ddc _cBK |
||
| 999 |
_c9111 _d9111 |
||
| 900 | _bGizem YORULMAZ | ||